000
00240nam a2200109Ia 4500
008
240625s9999 xx 000 0 und d
041
_a
eng
082
_a
658.5 HEI
100
_a
HEIZER JAY
245
_a
OPERATIONS MANAGEMENT
260
_c
2013
999
_c
38923
_d
38923